00201 a2200085 450000100060000004000240000624000280003024500260005865000310008468561 cAnchieta - Itaigara10aA descoberta de Leilal10aA descoberta de Leila 4aLiteratura infanto-juvenil